000 01138cam a22003134a 4500
001 13302305
005 20250818191217.0
008 030806s2003 nyub 000 0aeng
010 _a 2003058924
020 _a1400041341 (clothback)
040 _aDLC
_cDLC
_dDLC
041 1 _aeng
_hspa
042 _apcc
050 0 0 _aPQ8180.17.A73
_bZ47813 2003
082 0 0 _a863
_aB
_222
100 1 _aGarcía Márquez, Gabriel,
_d1927-2014.
240 1 0 _aVivir para contarla.
_lEnglish
245 1 0 _aLiving to tell the tale /
_cGabriel García Márquez ; translated by Edith Grossman.
250 _a1st Edition
260 _aNew York :
_bA.A. Knopf,
_c2003.
300 _a483 p. :
_bmaps ;
_c25 cm.
365 _bRs. 695.00
600 1 0 _aGarcía Márquez, Gabriel,
_d1927-2014
_xChildhood and youth.
650 0 _aAuthors, Colombian
_y20th century
_vBiography.
700 1 _aGrossman, Edith,
_d1936-2023.
856 4 2 _3Contributor biographical information
_uhttp://www.loc.gov/catdir/bios/random055/2003058924.html
856 4 2 _3Publisher description
_uhttp://www.loc.gov/catdir/description/random0414/2003058924.html
942 _2ddc
_cBK
999 _c212612
_d212612